000
00310nam a22001337a 4500
003
SGT
082
_a
616.8
_b
A14R
100
_a
ROPPER, ALLAN H.
245
_a
ADEMS AND VICTOR'S PRINCIPLES OF NEUROLOGY
250
_a
10TH
260
_a
NEW YORK
_b
MC GRAW HILL
_c
2014
300
_a
1654
942
_2
ddc
_c
BK
_0
1
999
_c
14820
_d
14820